Scotland by Picture - Statistics

General Stats
  • This quiz has been taken 138 times
  • The average score is 14 of 18
Answer Stats
Picture Hint Answer % Correct
Golf
98%
(instrument) Bagpipes
97%
Whisky
96%
Kilt
94%
Loch Ness Monster
94%
(city) Edinburgh
91%
Haggis
91%
(language) Gaelic
82%
Sean Connery
78%
(island) Skye
72%
(national poet) Robert Burns
71%
Shortbread
71%
Highland Cow
68%
(castle / Royal residence) Balmoral
66%
(sporting rivalry) Old Firm Derby
62%
Alex Ferguson
60%
(name of flag) Saltire
57%
(dog breed) Scottish Terrier
50%
No matching quizzes found
Score Distribution
Percent of People with Each Score
Percentile by Number Answered
Your Score History
You have not taken this quiz